000 01009nam a22002535i 4500
001 166089
003 ES-MaACL
005 20250808072944.0
008 000210s1858 fr |||| | fre d
040 _aCCPB | B
_bspa
_cCCPB | B
100 1 _aTavannes, Jacques de Saulx
_cConde.
_9133147
245 1 0 _aMémoires de Jacques de Saulx Comte de Tavannes
_b: . Suivis de L'histoire de la guerre de Guyenne /
_cpar Balthazar.
250 _aNouvelle éd., rev. et annot.
260 _aParis :
_bP. Jannet,
_c1858 (
_fimprimé par E. Thunot et C\pie\s)
300 _aXXXII, 132 [i.e. 432] p. ;
_c17 cm.
490 1 _aBibliothèque Elzevirienne
600 1 4 _aTavannes, Jacques de Saulx
_cConde-
_xBiografías.
_9133148
651 0 _aFrancia-
_xHistoria-
_yS.XVII
_9234194
700 1 0 _aBaltazar.
_tHistoire de la Guerre de Guyenne.
_9125791
752 _aFrancia -
_dParís
830 0 _aBibliothèque Elzevirienne
_9180979
852 _aES-MaACL
_jG-2351
_z-- Enc. tela
999 _c166089
_d166089